<?xml version="1.0" encoding="UTF-8"?>
<collection xmlns:xsi="http://www.w3.org/2001/XMLSchema-instance" xsi:schemaLocation="http://www.loc.gov/MARC21/slim http://www.loc.gov/standards/marcxml/schema/MARC21slim.xsd" xmlns="http://www.loc.gov/MARC21/slim">
 <record>
  <leader>00000caa a22000003i 4500</leader>
  <controlfield tag="001">UP-1685594773862429234</controlfield>
  <controlfield tag="003">Buklod</controlfield>
  <controlfield tag="005">20211109191652.0</controlfield>
  <controlfield tag="006">m     |  |        </controlfield>
  <controlfield tag="007">ta</controlfield>
  <controlfield tag="008">211109s1980    xx      r    |||| u|eng d</controlfield>
  <datafield tag="035" ind1=" " ind2=" ">
   <subfield code="a">(iLib)UPBAG-00043113373</subfield>
  </datafield>
  <datafield tag="040" ind1=" " ind2=" ">
   <subfield code="a">BAG</subfield>
   <subfield code="e">rda</subfield>
  </datafield>
  <datafield tag="041" ind1="0" ind2=" ">
   <subfield code="a">eng</subfield>
  </datafield>
  <datafield tag="090" ind1=" " ind2=" ">
   <subfield code="a">ARTICLE-4167</subfield>
  </datafield>
  <datafield tag="100" ind1="1" ind2=" ">
   <subfield code="a">Coutts, P. J. F.</subfield>
   <subfield code="e">author.</subfield>
  </datafield>
  <datafield tag="245" ind1="1" ind2="0">
   <subfield code="a">Models of Philippine prehistory</subfield>
   <subfield code="b">a review of the flaked stone industries</subfield>
   <subfield code="c">P. J. F. Coutts and J. P. Wesson.</subfield>
  </datafield>
  <datafield tag="264" ind1=" " ind2="1">
   <subfield code="c">1980.</subfield>
  </datafield>
  <datafield tag="300" ind1=" " ind2=" ">
   <subfield code="a">pages [203]-259</subfield>
   <subfield code="b">illustrations, maps</subfield>
   <subfield code="c">25 cm</subfield>
  </datafield>
  <datafield tag="336" ind1=" " ind2=" ">
   <subfield code="a">text</subfield>
   <subfield code="2">rdacontent</subfield>
  </datafield>
  <datafield tag="337" ind1=" " ind2=" ">
   <subfield code="a">unmediated</subfield>
   <subfield code="2">rdamedia</subfield>
  </datafield>
  <datafield tag="338" ind1=" " ind2=" ">
   <subfield code="a">volume</subfield>
   <subfield code="2">rdacarrier</subfield>
  </datafield>
  <datafield tag="504" ind1=" " ind2=" ">
   <subfield code="a">Includes bibliographical references (pages 225-230).</subfield>
  </datafield>
  <datafield tag="520" ind1="3" ind2=" ">
   <subfield code="a">As a prelude to reviewing the prehistoric flaked stone industries in the Philippines, this paper briefly examines relevant archaeological evidence and the models that have been used to order and interpret it. It is held that the data are both sparse and poorly documented, and that the models in use are not adequate to meet the needs of the Philippine Prehistory. It is suggested that if models are to be employed at this stage in the development of prehistory, some variation of a systems model might be adopted. Such a model would need to be dynamic, having a site and regional perspective, taking account of a variety of ecological and cultural factors, and avoid focusing on specific type traits as has been the practice in the past. Furthermore, in constructing models a more concerted attempt should be made to define Philippine cultures when the Spanish first arrived because this is when historical data became available. Data relating to prehistoric flake industries in the Philippines are examined and assessed; firstly, from a technological viewpoint, secondly, within regional and cultural contexts. It is suggested that at present there is evidence for only two basic stone technologies: a &quot;smash-and-grab tradition&quot; and a &quot;blade tradition&quot;. a relationship between the two technologies has not yet been established. However, there is evidence also for considerable regional variability within these technologies which needs to be taken into account in model building.</subfield>
  </datafield>
  <datafield tag="650" ind1=" " ind2="0">
   <subfield code="a">Antiquities, prehistoric</subfield>
   <subfield code="z">Philippines.</subfield>
  </datafield>
  <datafield tag="700" ind1="1" ind2=" ">
   <subfield code="a">Wesson, J. P.</subfield>
   <subfield code="e">author.</subfield>
  </datafield>
  <datafield tag="773" ind1="0" ind2=" ">
   <subfield code="a">Philippine Quarterly of Culture and Society</subfield>
   <subfield code="g">Vol. 8, No. 4 (December 1980), p. [203]-259.</subfield>
  </datafield>
  <datafield tag="856" ind1="4" ind2="0">
   <subfield code="a">Full-text access https://bit.ly/ModelsofPhilippineprehistory</subfield>
  </datafield>
  <datafield tag="856" ind1=" " ind2=" ">
   <subfield code="z">(viewed 09 November 2021)</subfield>
  </datafield>
  <datafield tag="905" ind1=" " ind2=" ">
   <subfield code="a">FI</subfield>
  </datafield>
  <datafield tag="852" ind1="0" ind2=" ">
   <subfield code="a">UPBAG</subfield>
   <subfield code="b">UPBAG-MAIN</subfield>
   <subfield code="h">ARTICLE-4167</subfield>
  </datafield>
  <datafield tag="942" ind1=" " ind2=" ">
   <subfield code="a">Analytics</subfield>
  </datafield>
 </record>
</collection>
